[Event "London/Leningrad (m10)"]
[Site "?"]
[Date "1986.??.??"]
[Round "?"]
[White "Kasparov, Garry"]
[Black "Karpov, An"]
[Result "1/2-1/2"]
[WhiteElo "2740"]
[BlackElo "2705"]
[PlyCount "87"]
[EventDate "1986.??.??"]
[Source "ChessBase"]
[SourceDate "1986.07.01"]

1. d4 d5 2. c4 e6 3. Nc3 Be7 4. Nf3 Nf6 5. Bg5 h6 6. Bxf6 Bxf6 7. e3 O-O 8. Rc1 c6 9. Bd3 Nd7 10. O-O dxc4 11. Bxc4 e5 12. h3 exd4 13. exd4 c5 14. Bb3 cxd4 15. Nd5 b6 16. Nxd4 Bxd4 17. Qxd4 Nc5 18. Bc4 Bb7 19. Rfd1 Rc8 20. Qg4 Bxd5 21. Rxd5 Qe7 22. Rcd1 Qe4 23. Qxe4 Nxe4 24. Ba6 Nf6 25. Bxc8 Nxd5 26. Ba6 Nf6 27. f4 Re8 28. Kf2 Kf8 29. Kf3 Re7 30. Rd8+ Re8 31. Rxe8+ Nxe8 32. Ke4 Ke7 33. Bc4 Nc7 34. Ke5 f6+ 35. Kf5 Ne8 36. Ke4 Nc7 37. h4 Kd6 38. Kf5 Ke7 39. Kg6 Kf8 40. Kf5 Ke7 41. Ke4 Kd6 42. g4 Ke7 43. b4 Kd6 44. Kf5 1/2-1/2

[Event "Unknown"]
[Site "Unknown"]
[Date "1985.??.??"]
[Round "?"]
[White "Kasparov, Gary"]
[Black "Karpov, Anatoly"]
[Result "1/2-1/2"]
[WhiteElo "2715"]
[BlackElo "2720"]
[PlyCount "45"]
[EventDate "1985.??.??"]
[Source "www.chesslib.no"]
[SourceDate "2004.05.04"]

1. d4 d5 2. c4 e6 3. Nc3 Be7 4. Nf3 Nf6 5. Bg5 h6 6. Bxf6 Bxf6 7. e3 O-O 8. Rc1 c6 9. Bd3 Nd7 10. O-O e5 11. h3 Nb6 12. Re1 Bf5 13. Qd2 Qd7 14. Nxd5 Nxd5 15. Nxe5 Bxe5 16. Qc3 Qd6 17. h4 h5 18. g3 a5 19. Qb3 Qe6 20. Qb4 Qe8 21. Kg2 Qd8 22. Qe7 g5 23. g4 1/2-1/2

[Event "WM Leningrad"]
[Site "?"]
[Date "1986.??.??"]
[Round "22"]
[White "Kasparov, Gary"]
[Black "Karpov, Anatoly"]
[Result "1-0"]
[WhiteElo "2720"]
[BlackElo "2700"]
[PlyCount "103"]
[EventDate "1986.??.??"]
[Source "www.chesslib.no"]
[SourceDate "2004.05.04"]

1. d4 Nf6 2. c4 e6 3. Nf3 d5 4. Nc3 Be7 5. Bg5 h6 6. Bxf6 Bxf6 7. e3 O-O 8. Rc1 c6 9. Bd3 Nd7 10. O-O dxc4 11. Bxc4 e5 12. h3 exd4 13. exd4 Nb6 14. Bb3 Bf5 15. Re1 a5 16. a3 Re8 17. Rxe8+ Qxe8 18. Qd2 Nd7 19. Qf4 Bg6 20. h4 Qd8 21. Na4 h5 22. Re1 b5 23. Nc3 Qb8 24. Qe3 b4 25. Ne4 bxa3 26. Nxf6+ Nxf6 27. bxa3 Nd5 28. Bxd5 cxd5 29. Ne5 Qd8 30. Qf3 Ra6 31. Rc1 Kh7 32. Qh3 Rb6 33. Rc8 Qd6 34. Qg3 a4 35. Ra8 Qe6 36. Rxa4 Qf5 37. Ra7 Rb1+ 38. Kh2 Rc1 39. Rb7 Rc2 40. f3 Rd2 41. Nd7 Rxd4 42. Nf8+ Kh6 43. Rb4 Rc4 44. Rxc4 dxc4 45. Qd6 c3 46. Qd4 Bh7 47. Qxc3 Qf4+ 48. g3 Qf5 49. Qe3+ g5 50. hxg5+ Qxg5 51. Qxg5+ Kxg5 52. Nxh7+ 1-0

[Event "Vlissingen 82/400"]
[Site "?"]
[Date "2001.??.??"]
[Round "?"]
[White "Piket, Je"]
[Black "Kasimdzhanov, R."]
[Result "1/2-1/2"]
[WhiteElo "2630"]
[BlackElo "2704"]
[PlyCount "52"]
[EventDate "2001.??.??"]
[Source "Chess Informant"]
[SourceDate "2001.06.01"]

1. d4 Nf6 2. c4 e6 3. Nf3 d5 4. Nc3 Be7 5. Bg5 h6 6. Bxf6 Bxf6 7. e3 O-O 8. Rc1 c6 9. Bd3 dxc4 10. Bxc4 Nd7 11. O-O e5 12. h3 exd4 13. exd4 Nb6 14. Bb3 Re8 15. Re1 Bf5 16. g4 Rxe1+ 17. Qxe1 Bd3 18. Ne4 Bxe4 19. Qxe4 Nd5 20. Bxd5 cxd5 21. Qf5 Qb6 22. Rc8+ Rxc8 23. Qxc8+ Kh7 24. Qf5+ Kg8 25. Qc8+ Kh7 26. Qf5+ Kg8 1/2-1/2

[Event "SWIFT"]
[Site "?"]
[Date "1987.??.??"]
[Round "?"]
[White "Karpov, Anatoly"]
[Black "Short, Nigel D"]
[Result "1-0"]
[WhiteElo "2710"]
[BlackElo "2615"]
[PlyCount "89"]
[EventDate "1987.??.??"]
[Source "www.chesslib.no"]
[SourceDate "2004.05.04"]

1. d4 Nf6 2. c4 e6 3. Nf3 d5 4. Nc3 Be7 5. Bg5 h6 6. Bxf6 Bxf6 7. e3 O-O 8. Rc1 a6 9. a3 c6 10. Bd3 Nd7 11. O-O b5 12. cxd5 cxd5 13. Ne2 Bb7 14. Bb1 Re8 15. Qd3 g6 16. Rfe1 Rc8 17. Rxc8 Qxc8 18. h4 e5 19. dxe5 Nxe5 20. Nxe5 Rxe5 21. Nf4 d4 22. Qxd4 Qc6 23. e4 Rc5 24. Qe3 Bxh4 25. Nd3 Rh5 26. Ba2 Bd8 27. Nf4 Rg5 28. Bd5 Qc8 29. Bxb7 Qxb7 30. Nd5 Kh7 31. Qd4 Qc8 32. Rd1 Qe6 33. Rd3 h5 34. Rf3 Kg8 35. Rd3 Kh7 36. Rf3 Kg8 37. Kf1 Re5 38. Re3 Qd6 39. f4 Re8 40. e5 Qe6 41. Kg1 Qg4 42. Kh2 Bh4 43. Rf3 Rc8 44. Ne3 Qe6 45. f5 1-0

[Event "Moscow RUS"]
[Site "Moscow RUS"]
[Date "1986.??.??"]
[Round "?"]
[White "Karpov, Anatoly"]
[Black "Beliavsky, Alexander G"]
[Result "1-0"]
[WhiteElo "2700"]
[BlackElo "2625"]
[PlyCount "83"]
[EventDate "1986.??.??"]
[Source "www.chesslib.no"]
[SourceDate "2004.05.04"]

1. d4 d5 2. c4 e6 3. Nc3 Nf6 4. Bg5 Be7 5. Nf3 h6 6. Bxf6 Bxf6 7. e3 O-O 8. Rc1 c6 9. Bd3 dxc4 10. Bxc4 Nd7 11. O-O e5 12. h3 exd4 13. exd4 Nb6 14. Bb3 Bf5 15. Re1 a5 16. a3 Qd7 17. Ne5 Bxe5 18. Rxe5 Rfe8 19. Qe2 Rad8 20. Re1 Rxe5 21. Qxe5 a4 22. Qc5 axb3 23. Re7 Qd6 24. Re8+ Rxe8 25. Qxd6 Nc4 26. Qb4 b5 27. d5 cxd5 28. Nxd5 Bc2 29. Qc3 Rd8 30. Nf4 Rd1+ 31. Kh2 Nd2 32. h4 Bf5 33. f3 g5 34. hxg5 hxg5 35. Ne2 g4 36. Ng3 Be6 37. f4 Nf1+ 38. Nxf1 Rxf1 39. Qe5 Bc4 40. Kg3 Rd1 41. f5 Rd5 42. Qe4 1-0

[Event "Br�ssel"]
[Site "Br�ssel"]
[Date "1986.??.??"]
[Round "?"]
[White "Kasparov, Gary"]
[Black "Short, Nigel D"]
[Result "1-0"]
[WhiteElo "2720"]
[BlackElo "2585"]
[PlyCount "69"]
[EventDate "1986.??.??"]
[Source "www.chesslib.no"]
[SourceDate "2004.05.04"]

1. d4 e6 2. Nf3 Nf6 3. c4 d5 4. Nc3 Be7 5. Bg5 h6 6. Bxf6 Bxf6 7. e3 O-O 8. Rc1 c6 9. Bd3 Nd7 10. O-O dxc4 11. Bxc4 e5 12. h3 exd4 13. exd4 Nb6 14. Bb3 Bf5 15. Re1 Bg5 16. Ra1 Nd7 17. d5 Rc8 18. Nd4 Bg6 19. Ne6 fxe6 20. dxe6 Kh7 21. Qxd7 Qb6 22. e7 Rfe8 23. Qg4 Qc5 24. Ne4 Qxe7 25. Bc2 Rf8 26. g3 Qd8 27. Rad1 Qa5 28. h4 Be7 29. Nc3 Bxc2 30. Rxe7 Rg8 31. Rdd7 Bf5 32. Rxg7+ Kh8 33. Qd4 Bxd7 34. Rxd7+ Rg7 35. Qxg7# 1-0

[Event "Dubai (ol)"]
[Site "?"]
[Date "1986.??.??"]
[Round "?"]
[White "Kasparov, Garry"]
[Black "Olafsson, H."]
[Result "1-0"]
[WhiteElo "2740"]
[BlackElo "2560"]
[PlyCount "81"]
[EventDate "1986.??.??"]
[Source "ChessBase"]
[SourceDate "1986.07.01"]

1. d4 Nf6 2. c4 e6 3. Nf3 d5 4. Nc3 Be7 5. Bg5 h6 6. Bxf6 Bxf6 7. e3 O-O 8. Rc1 c6 9. Bd3 Nd7 10. O-O dxc4 11. Bxc4 c5 12. Qe2 a6 13. Rfd1 cxd4 14. Nxd4 Qe7 15. Ne4 Be5 16. Qh5 Rd8 17. Bf1 Bb8 18. Qa5 b6 19. Qc3 Bb7 20. Nc6 Bxc6 21. Qxc6 Ra7 22. g3 b5 23. b3 Rf8 24. Be2 Nf6 25. Nxf6+ Qxf6 26. Qb6 Qe7 27. Bf3 Be5 28. Rc6 Rb8 29. Qa5 Bc7 30. Qc3 Rb6 31. h4 g6 32. Rc5 Rb8 33. h5 g5 34. Rc6 Bb6 35. Kg2 b4 36. Qe5 Rc7 37. Rdd6 Rxc6 38. Rxc6 Qd8 39. Bg4 Rb7 40. Bxe6 fxe6 41. Qxe6+ 1-0

[Event "8"]
[Site "Linares 8"]
[Date "1988.??.??"]
[Round "?"]
[White "Timman, Jan Hein"]
[Black "Jussupow, Artur M"]
[Result "1/2-1/2"]
[WhiteElo "2675"]
[BlackElo "2620"]
[PlyCount "53"]
[EventDate "1988.??.??"]
[Source "www.chesslib.no"]
[SourceDate "2004.05.04"]

1. d4 Nf6 2. c4 e6 3. Nf3 d5 4. Nc3 Be7 5. Bg5 h6 6. Bxf6 Bxf6 7. e3 O-O 8. Rc1 c6 9. Bd3 Nd7 10. O-O dxc4 11. Bxc4 e5 12. h3 exd4 13. exd4 Nb6 14. Bb3 Bf5 15. Re1 a5 16. a3 Re8 17. Rxe8+ Qxe8 18. Qd2 Qd7 19. Re1 Re8 20. Rxe8+ Qxe8 21. Qf4 Qe6 22. Qc7 Nc4 23. Qb8+ Kh7 24. Qxb7 Bxd4 25. Nxd4 Qe1+ 26. Kh2 Nd2 27. Qxf7 1/2-1/2

[Event "JUG-chT playoff f"]
[Site "Novi Sad"]
[Date "2000.09.08"]
[Round "1.7"]
[White "Zvjaginsev, Vadim"]
[Black "Georgiev, Kiril"]
[Result "1-0"]
[WhiteElo "2634"]
[BlackElo "2661"]
[PlyCount "87"]
[EventDate "2000.09.??"]
[Source "ChessBase"]
[SourceDate "2000.11.10"]

1. d4 Nf6 2. Nf3 d5 3. c4 e6 4. Nc3 Be7 5. Bg5 h6 6. Bxf6 Bxf6 7. e3 O-O 8. Qb3 c6 9. Rd1 Nd7 10. Bd3 Nb6 11. O-O dxc4 12. Bxc4 Nxc4 13. Qxc4 a5 14. b3 Qb6 15. Ne4 Be7 16. Ne5 Rd8 17. f4 Bf8 18. Rf3 Qc7 19. Rg3 Qe7 20. Rf1 Rd5 21. Nc3 Rd8 22. Ne4 Rd5 23. Qe2 g6 24. h4 Qxh4 25. Ng4 Bg7 26. Rh3 Qe7 27. Nxh6+ Kf8 28. Ng5 b6 29. Qc2 Bxh6 30. Rxh6 Kg8 31. Rf3 Rxg5 32. fxg5 Qxg5 33. Qxc6 Qxh6 34. Qxa8 Qf8 35. Rf1 Bd7 36. Qxf8+ Kxf8 37. e4 a4 38. bxa4 Bxa4 39. Rb1 b5 40. Kf2 Ke7 41. Ke3 f5 42. e5 g5 43. g3 Kd7 44. Rc1 1-0

[Event "Hoogovens op"]
[Site "Wijk aan Zee"]
[Date "1995.??.??"]
[Round "9"]
[White "Seirawan, Yasser"]
[Black "Short, Nigel D"]
[Result "1/2-1/2"]
[WhiteElo "2600"]
[BlackElo "2655"]
[PlyCount "138"]
[EventDate "1995.01.??"]
[Source "ChessBase"]

1. d4 Nf6 2. c4 e6 3. Nf3 d5 4. Nc3 Be7 5. Bg5 O-O 6. e3 h6 7. Bxf6 Bxf6 8. cxd5 exd5 9. b4 c6 10. Bd3 a5 11. b5 c5 12. O-O Be6 13. Rc1 Nd7 14. dxc5 Nxc5 15. Nd4 Nxd3 16. Qxd3 Rc8 17. Nce2 Qd6 18. h3 Bd7 19. Rfd1 Rfd8 20. Nf4 Rxc1 21. Rxc1 Be5 22. Nfe2 Qe7 23. Nf3 Bb8 24. a4 Bd6 25. Ned4 g6 26. Rc2 Re8 27. Qd1 Qe4 28. Rc3 Rc8 29. Rxc8+ Bxc8 30. Kf1 Bd7 31. Ke2 f5 32. Qd3 Kf7 33. h4 b6 34. Qd1 f4 35. Qc2 fxe3 36. fxe3 Qxc2+ 37. Nxc2 Bg4 38. Ncd4 Bg3 39. Kd3 Ke7 40. Ne2 Bxf3 41. gxf3 Bxh4 42. Nf4 Kd6 43. Nxg6 Bg5 44. f4 Bf6 45. e4 dxe4+ 46. Kxe4 h5 47. f5 h4 48. Nf4 Kc5 49. Kf3 Kc4 50. Kg4 Be5 51. Ng6 Bd6 52. Nxh4 Kb4 53. f6 Kxa4 54. Kf5 Kxb5 55. Ke6 Bc5 56. Ng6 a4 57. f7 a3 58. Ne7 a2 59. f8=Q a1=Q 60. Qe8+ Kc4 61. Nc6 Qa2 62. Kd7 Qd2+ 63. Kc8 Qd5 64. Qe2+ Kb3 65. Ne5 Bd4 66. Qd3+ Kb4 67. Qd2+ Kb5 68. Qd3+ Ka4 69. Qd1+ Kb5 1/2-1/2

[Event "LXI Lega superiore camp. russo"]
[Site "Novokuznetsk RUS"]
[Date "2008.09.14"]
[Round "11"]
[White "Volkov, Sergey1"]
[Black "Riazantsev, A."]
[Result "0-1"]
[WhiteElo "2636"]
[BlackElo "2617"]
[PlyCount "82"]
[EventDate "2008.09.03"]
[Source "www.chesslib.no"]
[SourceDate "2004.05.04"]

1. d4 d5 2. c4 e6 3. Nc3 Be7 4. Nf3 Nf6 5. Bg5 h6 6. Bxf6 Bxf6 7. e3 O-O 8. Qb3 c6 9. Rd1 Nd7 10. Be2 b6 11. O-O Bb7 12. Rfe1 Re8 13. Bf1 a6 14. e4 dxc4 15. Bxc4 b5 16. e5 Be7 17. Bd3 c5 18. d5 c4 19. Bxc4 bxc4 20. Qxb7 Nc5 21. Qb4 Nd3 22. Qxc4 Nxb2 23. Qb3 Nxd1 24. dxe6 fxe6 25. Rxd1 Qc8 26. Ne2 Rb8 27. Qd3 Rd8 28. Ned4 Bc5 29. Rc1 Rxd4 30. Nxd4 Qd7 31. Kh1 Qxd4 32. Qxa6 Qxe5 33. f4 Qe3 34. Rf1 Kh8 35. a4 Rf8 36. Qb7 e5 37. f5 Qd3 38. Rc1 Qxf5 39. h3 e4 40. Qc6 e3 41. Qxc5 Qxc5 0-1

[Event "It (Open) Dos Hermanas ESP"]
[Site "?"]
[Date "2006.03.24"]
[Round "2"]
[White "Jobava Baadur"]
[Black "Zhang Pengxiang"]
[Result "1-0"]
[WhiteElo "2614"]
[BlackElo "2638"]
[PlyCount "145"]
[EventDate "2006.??.??"]
[Source "www.chesslib.no"]
[SourceDate "2004.05.04"]

1. c4 Nf6 2. d4 e6 3. Nf3 d5 4. Nc3 Be7 5. Bg5 O-O 6. e3 a6 7. cxd5 Nxd5 8. Bxe7 Qxe7 9. Rc1 Nxc3 10. Rxc3 c6 11. Bd3 Nd7 12. Qc2 h6 13. O-O e5 14. Rd1 exd4 15. Nxd4 Ne5 16. Bh7+ Kh8 17. Bf5 Rd8 18. h3 g6 19. Bxc8 Raxc8 20. f4 Nd7 21. Rcd3 Nc5 22. Nxc6 Nxd3 23. Qc3+ f6 24. Nxe7 Rxc3 25. bxc3 Kg7 26. c4 Kf7 27. Nd5 Nc5 28. Kf2 b5 29. cxb5 axb5 30. Kf3 f5 31. g4 b4 32. Ke2 Ne4 33. Ke1 h5 34. gxh5 gxh5 35. Nxb4 Rg8 36. Rd4 Rg1+ 37. Ke2 Rg2+ 38. Kd3 Rh2 39. a4 Rxh3 40. a5 Rh1 41. Kc4 Ra1 42. Kb5 h4 43. Rd7+ Kg6 44. Nc6 Rb1+ 45. Kc4 Rc1+ 46. Kb5 Rb1+ 47. Kc4 h3 48. Ne5+ Kh6 49. Nf7+ Kh5 50. Rd8 Rc1+ 51. Kb3 Kg4 52. Ne5+ Kg3 53. Rg8+ Kh4 54. Rh8+ Kg3 55. Rg8+ Kh4 56. Nf3+ Kh5 57. Rh8+ Kg4 58. Ne5+ Kg3 59. Rg8+ Kh4 60. Kb2 Rc5 61. a6 Ra5 62. Rg6 h2 63. Nf3+ Kh5 64. Rg8 h1=Q 65. Rh8+ Kg4 66. Ne5+ Kg3 67. Rxh1 Rxa6 68. Rh5 Kf2 69. Rxf5 Kxe3 70. Nc4+ Kd4 71. Ne5 Rb6+ 72. Kc2 Ra6 73. Rf8 1-0

[Event "URS Spartakiad"]
[Site "URS"]
[Date "1979.??.??"]
[Round "?"]
[White "Petrosian, Tigran V"]
[Black "Spassky, Boris V"]
[Result "1/2-1/2"]
[WhiteElo "2610"]
[BlackElo "2640"]
[PlyCount "39"]
[EventDate "1979.??.??"]
[Source "ChessBase"]

1. d4 Nf6 2. c4 e6 3. Nf3 d5 4. Nc3 Be7 5. Bg5 h6 6. Bxf6 Bxf6 7. e3 O-O 8. Rc1 c6 9. Bd3 Nd7 10. O-O dxc4 11. Bxc4 e5 12. Ne4 exd4 13. Nxf6+ Nxf6 14. Qxd4 Qxd4 15. Nxd4 Re8 16. Rfd1 Bd7 17. Kf1 Kf8 18. Ke2 Re5 19. h3 c5 20. Nb5 1/2-1/2

[Event "Leningrad"]
[Site "Leningrad"]
[Date "1987.??.??"]
[Round "?"]
[White "Georgiev, Kiril"]
[Black "Jussupow, Artur"]
[Result "1/2-1/2"]
[WhiteElo "2590"]
[BlackElo "2645"]
[PlyCount "68"]
[EventDate "1987.05.??"]
[Source "ChessBase"]

1. d4 Nf6 2. c4 e6 3. Nc3 d5 4. Bg5 Be7 5. e3 h6 6. Bxf6 Bxf6 7. Nf3 O-O 8. Rc1 c6 9. Bd3 Nd7 10. O-O dxc4 11. Bxc4 e5 12. h3 exd4 13. exd4 Nb6 14. Bb3 Re8 15. Re1 Bf5 16. Rxe8+ Qxe8 17. Qd2 Qd7 18. Re1 a5 19. a3 Re8 20. Rxe8+ Qxe8 21. Qf4 Be6 22. Bxe6 Qxe6 23. Qc7 Nc4 24. Qxb7 Bxd4 25. Nxd4 Qe1+ 26. Kh2 Qe5+ 27. g3 Qxd4 28. Kg2 Qc5 29. Qb8+ Kh7 30. Qb3 g6 31. Qc2 Kg7 32. Kg1 Qe5 33. a4 c5 34. Ne4 Nxb2 1/2-1/2

[Event "World Cup"]
[Site "Rotterdam"]
[Date "1989.??.??"]
[Round "?"]
[White "Hjartarson, Johann"]
[Black "Jussupow, Artur"]
[Result "1/2-1/2"]
[WhiteElo "2615"]
[BlackElo "2610"]
[PlyCount "29"]
[EventDate "1989.06.??"]
[Source "ChessBase"]

1. d4 d5 2. c4 e6 3. Nc3 Nf6 4. Nf3 Be7 5. Bg5 O-O 6. e3 h6 7. Bxf6 Bxf6 8. Rc1 c6 9. Bd3 Nd7 10. O-O dxc4 11. Bxc4 e5 12. Ne4 exd4 13. Nxf6+ Nxf6 14. Qxd4 Qe7 15. Rfd1 1/2-1/2

[Event "EU-chT (Men)"]
[Site "Debrecen"]
[Date "1992.??.??"]
[Round "3"]
[White "Piket, Jeroen"]
[Black "Georgiev, Kiril"]
[Result "1/2-1/2"]
[WhiteElo "2615"]
[BlackElo "2605"]
[PlyCount "53"]
[EventDate "1992.11.??"]
[Source "ChessBase"]

1. d4 Nf6 2. c4 e6 3. Nf3 d5 4. Nc3 Be7 5. Bg5 h6 6. Bxf6 Bxf6 7. e3 O-O 8. Qb3 c6 9. Rd1 Nd7 10. Bd3 b6 11. cxd5 cxd5 12. e4 dxe4 13. Bxe4 Rb8 14. O-O b5 15. Rfe1 Qb6 16. Bb1 Bb7 17. Qc2 g6 18. d5 exd5 19. Nxd5 Bxd5 20. Rxd5 Rfd8 21. h4 h5 22. a3 b4 23. Qa4 Nc5 24. Rxd8+ Rxd8 25. Qxb4 Qxb4 26. axb4 Na6 27. b5 1/2-1/2

[Event "Moscow-4teams"]
[Site "Moscow"]
[Date "1981.??.??"]
[Round "?"]
[White "Jussupow, Artur"]
[Black "Spassky, Boris V"]
[Result "1/2-1/2"]
[WhiteElo "2575"]
[BlackElo "2635"]
[PlyCount "30"]
[EventDate "1981.06.??"]
[Source "ChessBase"]

1. d4 d5 2. c4 e6 3. Nc3 Be7 4. Nf3 Nf6 5. Bg5 h6 6. Bxf6 Bxf6 7. e3 c6 8. Rc1 O-O 9. Bd3 Nd7 10. O-O dxc4 11. Bxc4 e5 12. Ne4 exd4 13. Nxf6+ Nxf6 14. Qxd4 Qxd4 15. Nxd4 Bd7 1/2-1/2

[Event "Reggio Emilia ITA"]
[Site "Reggio Emilia ITA"]
[Date "1986.??.??"]
[Round "1"]
[White "Andersson, Ulf"]
[Black "Beliavsky, Alexander G"]
[Result "1/2-1/2"]
[WhiteElo "2585"]
[BlackElo "2625"]
[PlyCount "95"]
[EventDate "1986.??.??"]
[Source "www.chesslib.no"]
[SourceDate "2004.05.04"]

1. Nf3 d5 2. d4 Nf6 3. c4 e6 4. Nc3 Be7 5. Bg5 h6 6. Bxf6 Bxf6 7. e3 O-O 8. Rc1 c6 9. Bd3 Nd7 10. O-O dxc4 11. Bxc4 e5 12. h3 exd4 13. exd4 Nb6 14. Bb3 Bf5 15. Re1 Qd7 16. Ne5 Bxe5 17. dxe5 Qxd1 18. Rcxd1 Rfd8 19. g4 Bd3 20. e6 fxe6 21. Bxe6+ Kf8 22. b3 Bc2 23. Rc1 Rd2 24. Ne4 Bxe4 25. Rxe4 Rxa2 26. Rc3 Nd5 27. Bxd5 cxd5 28. Rf3+ Kg8 29. Re7 Rf8 30. Rxf8+ Kxf8 31. Rxb7 d4 32. Kg2 a5 33. Kf3 a4 34. bxa4 Rxa4 35. Rb3 Kf7 36. Ke4 h5 37. Rd3 hxg4 38. hxg4 Ra2 39. f4 g6 40. Rxd4 Re2+ 41. Kf3 Re1 42. Kg3 Rh1 43. Rd7+ Kf8 44. Rc7 Kg8 45. Rc2 Kg7 46. Kf3 Re1 47. Rc5 Kf7 48. Rc7+ 1/2-1/2

[Event "Groningen PCA"]
[Site "Groningen"]
[Date "1993.??.??"]
[Round "7"]
[White "Tukmakov, Vladimir B"]
[Black "Hjartarson, Johann"]
[Result "1/2-1/2"]
[WhiteElo "2600"]
[BlackElo "2605"]
[PlyCount "104"]
[EventDate "1993.12.??"]
[Source "ChessBase"]

1. d4 Nf6 2. c4 e6 3. Nf3 d5 4. Nc3 Be7 5. Bg5 h6 6. Bxf6 Bxf6 7. e3 O-O 8. Rc1 c6 9. Bd3 Nd7 10. O-O dxc4 11. Bxc4 e5 12. h3 exd4 13. exd4 Nb6 14. Bb3 Re8 15. Re1 Bf5 16. Rxe8+ Qxe8 17. Qd2 a5 18. a3 Qd7 19. Re1 Re8 20. Rxe8+ Qxe8 21. Qf4 Be6 22. Bxe6 Qxe6 23. Qb8+ Kh7 24. Qxb7 Bxd4 25. Nxd4 Qe1+ 26. Kh2 Qe5+ 27. g3 Qxd4 28. Qxf7 Nc4 29. Qf5+ Kh8 30. Qf8+ Kh7 31. Qf5+ Kh8 32. Qc2 Ne5 33. Qe2 Nd3 34. Kg1 c5 35. Nb5 Qd7 36. Nc3 c4 37. h4 Qb7 38. h5 Nxb2 39. Qe8+ Kh7 40. Qg6+ Kh8 41. Qe8+ Kh7 42. Ne4 Nd3 43. Qg6+ Kh8 44. Qe8+ Kh7 45. Qg6+ Kh8 46. Qe6 Qb1+ 47. Kh2 Qb5 48. Qf7 Qe5 49. Qxc4 Qxh5+ 50. Kg2 Ne1+ 51. Kf1 Nf3 52. Kg2 Ne1+ 1/2-1/2

[Event "Hannover"]
[Site "Hannover"]
[Date "1983.??.??"]
[Round "14"]
[White "Karpov, Anatoly"]
[Black "Giorgadze, Tamaz"]
[Result "1-0"]
[WhiteElo "2710"]
[BlackElo "2495"]
[PlyCount "111"]
[EventDate "1983.08.??"]
[Source "ChessBase"]

1. d4 Nf6 2. c4 e6 3. Nc3 d5 4. Nf3 Be7 5. Bg5 O-O 6. e3 h6 7. Bxf6 Bxf6 8. Qd2 Nc6 9. Rc1 a6 10. Be2 dxc4 11. Bxc4 e5 12. d5 Ne7 13. Ne4 Nf5 14. Be2 Nd6 15. Nxf6+ Qxf6 16. O-O e4 17. Nd4 Re8 18. Rxc7 Qg5 19. Rfc1 Bh3 20. Bf1 Bg4 21. Qb4 Rad8 22. Qb6 h5 23. a4 h4 24. R7c5 Qf6 25. b4 Re5 26. h3 Bc8 27. b5 axb5 28. Nxb5 Kh7 29. Nd4 Rde8 30. R1c2 Rg5 31. Ne6 Bxe6 32. dxe6 Rxe6 33. Rxg5 Qxg5 34. Qb4 g6 35. Be2 Qe7 36. Bg4 Nf5 37. Qb5 Nd6 38. Qb6 Nf5 39. Qb5 Nd6 40. Qd5 Re5 41. Qd4 Ne8 42. Qb2 f5 43. Be2 Ng7 44. Rc8 Qd7 45. Qxe5 Qxc8 46. Qe7 Qc1+ 47. Bf1 Qa1 48. Qxh4+ Kg8 49. Qd8+ Kh7 50. Qd7 Qb1 51. g3 b6 52. Kg2 Qb4 53. Bb5 Qc5 54. Bc6 Kh8 55. Qd8+ Kh7 56. Bd5 1-0

[Event "Europa ch 2008"]
[Site "Plovdiv BUL"]
[Date "2008.04.23"]
[Round "3.32"]
[White "Markos, Jan"]
[Black "Riazantsev, Alexander"]
[Result "1/2-1/2"]
[WhiteElo "2565"]
[BlackElo "2638"]
[PlyCount "64"]
[EventDate "2008.04.21"]
[Source "www.chesslib.no"]
[SourceDate "2004.05.04"]

1. d4 d5 2. c4 e6 3. Nc3 Be7 4. Nf3 Nf6 5. Bg5 h6 6. Bxf6 Bxf6 7. e3 O-O 8. Qb3 c6 9. Rd1 Nd7 10. Bd3 b6 11. O-O Bb7 12. Rfe1 Qc7 13. e4 dxc4 14. Qxc4 Rac8 15. e5 Be7 16. Bb1 Rfd8 17. h3 Nf8 18. Nh2 c5 19. d5 exd5 20. Nxd5 Rxd5 21. Rxd5 b5 22. Qb3 c4 23. Qd1 Bxd5 24. Qxd5 Rd8 25. Qe4 Bb4 26. Rf1 Rd2 27. Bc2 Bc5 28. Nf3 Rd8 29. g3 Bb6 30. Re1 Qc5 31. Re2 a5 32. Nh4 Rd4 1/2-1/2

[Event "Panormo 83/448"]
[Site "?"]
[Date "2001.??.??"]
[Round "?"]
[White "Sakaev, K."]
[Black "Greenfeld, A."]
[Result "1/2-1/2"]
[WhiteElo "2630"]
[BlackElo "2571"]
[PlyCount "60"]
[EventDate "2001.??.??"]
[Source "Chess Informant"]
[SourceDate "2001.10.01"]

1. d4 Nf6 2. c4 e6 3. Nf3 d5 4. Nc3 Be7 5. Bg5 h6 6. Bxf6 Bxf6 7. e3 O-O 8. Qb3 c6 9. Rd1 Nd7 10. Bd3 dxc4 11. Qxc4 Qe7 12. Bb1 c5 13. O-O g6 14. Qd3 b6 15. d5 Bxc3 16. d6 Qf6 17. bxc3 Bb7 18. e4 Kg7 19. Rd2 Rfd8 20. Rfd1 e5 21. a4 Rac8 22. Qc4 Nf8 23. Ba2 Rd7 24. Ne1 Rcd8 25. Nc2 Ne6 26. f3 Ng5 27. Qd3 Qf4 28. Qe2 Qf6 29. Qd3 Qf4 30. Qe2 Qf6 1/2-1/2

[Event "Munich"]
[Site "Munich"]
[Date "1992.??.??"]
[Round "10"]
[White "Lobron, Eric"]
[Black "Hansen, Curt"]
[Result "1/2-1/2"]
[WhiteElo "2575"]
[BlackElo "2620"]
[PlyCount "122"]
[EventDate "1992.05.??"]
[Source "ChessBase"]

1. d4 Nf6 2. c4 e6 3. Nf3 d5 4. Bg5 Be7 5. Nc3 O-O 6. e3 Ne4 7. Bxe7 Qxe7 8. Qc2 Nxc3 9. Qxc3 dxc4 10. Bxc4 b6 11. d5 exd5 12. Bxd5 c6 13. Bc4 Bb7 14. Rd1 Nd7 15. O-O c5 16. e4 Rad8 17. Rfe1 Nf6 18. Rxd8 Qxd8 19. e5 Nd5 20. Qd3 Nc7 21. Qd6 Bxf3 22. gxf3 Qg5+ 23. Kf1 Qf4 24. b3 b5 25. Qxc7 bxc4 26. Kg2 Qg5+ 27. Kf1 Qf5 28. bxc4 Qxf3 29. Qxc5 Qh1+ 30. Ke2 Qxh2 31. Qd4 Re8 32. Kd2 Qg2 33. c5 h5 34. Re4 Qg5+ 35. Qe3 Qf5 36. c6 Qe6 37. Qc5 Qxa2+ 38. Ke3 Qb3+ 39. Kf4 Qh3 40. c7 Kh7 41. e6 fxe6 42. Re5 Kh6 43. Ke4 Qh1+ 44. Ke3 Qe1+ 45. Kf3 Qd1+ 46. Kg2 Qg4+ 47. Kf1 Rc8 48. Qe3+ Kh7 49. Qd3+ Kh6 50. Rc5 Qg6 51. Qd2+ Kh7 52. Qd1 Kh6 53. Qd2+ Kh7 54. Qd1 Kh6 55. Qd7 Qb1+ 56. Kg2 Qe4+ 57. Kg1 Qe1+ 58. Kg2 Qe4+ 59. Kh2 Qe2 60. Qf7 g6 61. Qf4+ Kg7 1/2-1/2

[Event "tt Championsh"]
[Site "tt Championsh"]
[Date "1981.??.??"]
[Round "?"]
[White "Tal, Mikhail N"]
[Black "Spassky, Boris Vasily"]
[Result "1/2-1/2"]
[WhiteElo "2555"]
[BlackElo "2635"]
[PlyCount "39"]
[EventDate "1981.??.??"]
[Source "www.chesslib.no"]
[SourceDate "2004.05.04"]

1. Nf3 Nf6 2. d4 d5 3. c4 e6 4. Nc3 Be7 5. Bg5 h6 6. Bxf6 Bxf6 7. e3 O-O 8. Rc1 c6 9. Bd3 Nd7 10. O-O dxc4 11. Bxc4 e5 12. Ne4 exd4 13. Nxf6+ Nxf6 14. Nxd4 Qe7 15. Qb3 c5 16. Ne2 b6 17. Rfd1 Bb7 18. Nf4 Rfd8 19. h3 Qe8 20. Bb5 1/2-1/2